The anatomy and evolution of industries (Registro nro. 241019)

Detalles MARC
000 -ENCABEZADO
Número de control [NR] 01103cam a2200277M 4500
005 - FECHA Y HORA DE LA ÚLTIMA TRANSACCIÓN
control field 20140905105739.0
008 - DE LONGITUD FIJA DE DATOS DE ELEMENTOS - INFORMACIÓN GENERAL
Elementos de longitud fija [NR] 140505s2001 enkad fr 001 0 eng d
020 ## - NUMERO INTERNACIONAL NORMALIZADO PARA LIBROS [R]
Número Internacional Normalizado del libro [NR] 1840645598
020 ## - NUMERO INTERNACIONAL NORMALIZADO PARA LIBROS [R]
Número Internacional Normalizado del libro [NR] 9781840645590
040 ## - FUENTE DE CATALOGACION [NR]
Agencia de catalogación original [NR] CO-BoUCM
Idioma de catalogación [NR] spa
Quien Cataloga Jose A. Gerena
Quien Clasifica Jose A. Gerena
041 ## - CODIGO DE IDIOMA [R]
Código de idioma para texto/pista de sonido o título separado [R] Inglés
100 1# - ASIENTO PRINCIPAL--NOMBRE PERSONAL [NR]
Nombre personal [NR] Marsili, Orietta
Fechas asociadas con el nombre [NR] 1966-
ID Autoridad 60508
245 14 - MENCION DE TITULO [NR]
Título [NR] The anatomy and evolution of industries
Parte restante del título [NR] technological change and industrial dynamics
Mención de responsabilidad, etc. [NR] Orietta Marsili
260 ## - PUBLICACION, DISTRIBUCION, ETC. (PIE DE IMPRENTA) [R]
Lugar de publicación, distribución, etc. [R] Cheltenham (Reino Unido)
Nombre del editor, distribuidor, etc. [R] Edward Elgar
Fecha de publicación, distribución, etc. [R] 2001
300 ## - DESCRIPCION FISICA [R]
Extensión [R] xvii, 298 páginas
Otros detalles físicos [NR] ilustraciones, cuadros, gráficas
490 1# - MENCION DE SERIE [R]
Mención de serie [R] New horizons in the economics of innovation
504 ## - NOTA DE BIBLIOGRAFIA, ETC. [R]
Nota de bibliografía, etc. [NR] Incluye referencias bibliográficas e índices
650 #7 - ASIENTO SECUNDARIO DE MATERIA - TERMINO TEMATICO [R]
Término temático o nombre geográfico como elemento de entrada [NR] Administración industrial
Subdivisión general [R] Innovaciones tecnológicas
9 (RLIN) 39549
650 #7 - ASIENTO SECUNDARIO DE MATERIA - TERMINO TEMATICO [R]
Término temático o nombre geográfico como elemento de entrada [NR] Desarrollo económico
9 (RLIN) 12956
650 #7 - ASIENTO SECUNDARIO DE MATERIA - TERMINO TEMATICO [R]
Término temático o nombre geográfico como elemento de entrada [NR] Innovaciones tecnológicas
9 (RLIN) 17718
650 #7 - ASIENTO SECUNDARIO DE MATERIA - TERMINO TEMATICO [R]
Término temático o nombre geográfico como elemento de entrada [NR] Tecnología industrial
9 (RLIN) 25140
690 ## - ASUNTO AGREGADO LOCAL DE ENTRADA - TÉRMINO TEMÁTICO (OCLC, RLIN)
9 (RLIN) 42736
Acceso temático local Administración de empresas
690 ## - ASUNTO AGREGADO LOCAL DE ENTRADA - TÉRMINO TEMÁTICO (OCLC, RLIN)
9 (RLIN) 42795
Acceso temático local Economía
942 ## - ELEMENTOS DE ENTRADA AGREGADOS (KOHA)
Tema principal Economía
Tipo de ítem principal el descrito en 300a Libro
Edición 1
Parte restante de la signatura top. M372
Prefijo de la signatura top. (colección) Colección - Referencia
Sistema de clasificación DEWEY
Clasificación 338.064
Existencias
Total préstamos Signatura topográfica Código de barras Última vez visto Ejemplar Costo de reposición Price effective from Tipo de ítem Perdido Sistema de clasificación Dañado No prestable Tipo de ítem específico Suprimido Ubicación habitual Ubicación actual Localización Fecha de creación Proveedor Forma de adquisición Costo
  R 338.064 M372 100141623 04/12/2025 Ej.1 239500.00 28/04/2014 Libro   DEWEY     Libro   Claustro Claustro Mezanine 28/04/2014 15 Compra 239500.00